Catálogo
 En Linea

Aprendizaje y enseñanza de la matemática : (Registro nro. 58715)

Detalles MARC
000 -CABECERA
campo de control de longitud fija 02147nam a2200337 i 4500
003 - IDENTIFICADOR DEL NÚMERO DE CONTROL
campo de control DO-SdBNP
005 - FECHA Y HORA DE LA ÚLTIMA TRANSACCIÓN
campo de control 20250702142030.0
007 - CAMPO FIJO DE DESCRIPCIÓN FÍSICA--INFORMACIÓN GENERAL
campo de control de longitud fija ta
008 - DATOS DE LONGITUD FIJA--INFORMACIÓN GENERAL
campo de control de longitud fija 250702b2024 dr a|||| |||| 00| 0 spa d
020 ## - NÚMERO INTERNACIONAL ESTÁNDAR DEL LIBRO
Número Internacional Estándar del Libro 9789945892444
040 ## - FUENTE DE LA CATALOGACIÓN
Centro catalogador/agencia de origen DO-SdBNP
Lengua de catalogación spa
Centro/agencia transcriptor BNPHU
Normas de descripción rda
041 ## - CÓDIGO DE LENGUA
Código de lengua del texto/banda sonora o título independiente spa
082 #4 - NÚMERO DE LA CLASIFICACIÓN DECIMAL DEWEY
Número de documento/Ítem xxx
Número de clasificación V468a
Número de edición 22
100 1# - ENTRADA PRINCIPAL--NOMBRE DE PERSONA
Nombre de persona Ventura, Rafael David Francisco,
Fechas asociadas al nombre 1974
Término indicativo de función/relación autor
Código de función/relación aut.
9 (RLIN) 88232
245 10 - MENCIÓN DE TÍTULO
Título Aprendizaje y enseñanza de la matemática :
Resto del título un enfoque didáctico para un aprendizaje efectivo /
Mención de responsabilidad, etc. Rafael David Francisco Ventura ; revisión técnica, Bilda Valentín y Francisco Ceballos ; corrección, Pablo Master ; prólogo, Dra. Bilda Valentín.
250 ## - MENCIÓN DE EDICIÓN
Mención de edición Primera edición
264 #4 - PRODUCCIÓN, PUBLICACIÓN, DISTRIBUCIÓN, FABRICACIÓN Y COPYRIGHT
Producción, publicación, distribución, fabricación y copyright Santo Domingo, República Dominicana :
Nombre del de productor, editor, distribuidor, fabricante Valdivia Editorial,
Fecha de producción, publicación, distribución, fabricación o copyright ©2024.
300 ## - DESCRIPCIÓN FÍSICA
Extensión 144 páginas :
Otras características físicas ilustraciones ;
Dimensiones 28 cm.
336 ## - TIPO DE CONTENIDO
Término de tipo de contenido texto
Código de tipo de contenido txt
Fuente rdacontent
337 ## - TIPO DE MEDIO
Nombre/término del tipo de medio sin mediación
Código del tipo de medio n
Fuente rdamedia
338 ## - TIPO DE SOPORTE
Nombre/término del tipo de soporte volumen
Código del tipo de soporte nc
Fuente rdacarrier
500 ## - NOTA GENERAL
Nota general Incluye datos biográficos del autor en la contracubierta.
504 ## - NOTA DE BIBLIOGRAFÍA, ETC.
Nota de bibliografía, etc. Bibliografía: páginas 139-144
505 ## - NOTA DE CONTENIDO CON FORMATO
Nota de contenido con formato Prólogo -- Introducción -- Didáctica de la matemática -- Las teorías del aprendizaje y su importancia en la enseñanza de la matemática -- Metodología y estrategia en el proceso de enseñanza aprendizaje de la matemática -- La planificación de la práctica docente -- El enfoque por competencias en la enseñanza de la matemática -- Análisis e interpretación de pruebas (exámenes) -- Uso de la tecnología digital en la enseñanza aprendizaje de la matemática -- Influencia de los juegos y los recursos manipulativos en el proceso de enseñanza aprendizaje de la matemática -- Matemática y recreación -- Neurociencia y la educación matemática -- Las 4 claves para el aprendizaje de la matemática -- Para qué enseñar y aprender matemática -- Frases célebres de matemática.
590 ## - NOTA LOCAL (RLIN)
Nota local Inventariado, 2025 /LP
700 1# - PUNTO DE ACCESO ADICIONAL--NOMBRE DE PERSONA
Nombre de persona Valentín, Bilda,
Término indicativo de función/relación prologuista
Código de función/relación pr.
9 (RLIN) 55701
700 1# - PUNTO DE ACCESO ADICIONAL--NOMBRE DE PERSONA
Nombre de persona Ceballos, Francisco
Término indicativo de función/relación revisor
Código de función/relación re.
9 (RLIN) 88233
700 1# - PUNTO DE ACCESO ADICIONAL--NOMBRE DE PERSONA
Nombre de persona Master, Pablo,
Término indicativo de función/relación corrector
Código de función/relación corr.
9 (RLIN) 88234
910 ## - DATOS DE OPCIÓN DEL USUARIO (OCLC)
Datos de opción del usuario LP
942 ## - ELEMENTOS DE PUNTO DE ACCESO ADICIONAL (KOHA)
Fuente del sistema de clasificación o colocación Dewey Decimal Classification
Tipo de ítem Koha Libro
Existencias
Estado de retiro Estado de pérdida Fuente del sistema de clasificación o colocación Restricciones de uso No para préstamo Código de colección Localización permanente Ubicación/localización actual Ubicación en estantería Fecha de adquisición Fuente de adquisición Total de préstamos Signatura topográfica completa Código de barras Fecha visto por última vez Precio válido a partir de Tipo de ítem Koha Número de copia
    Dewey Decimal Classification Excluido de préstamo   Patrimonio Dominicano Biblioteca Nacional Pedro Henríquez Ureña Biblioteca Nacional Pedro Henríquez Ureña En catalogación 20.03.2025 Depósito Legal   xxx V468a 2025-3326 11.04.2025 11.04.2025 Libro  
    Dewey Decimal Classification Excluido de préstamo   Patrimonio Dominicano Biblioteca Nacional Pedro Henríquez Ureña Biblioteca Nacional Pedro Henríquez Ureña En catalogación 20.03.2025 Depósito Legal   xxx V468a 2025-3327 11.04.2025 11.04.2025 Libro e.2
    Dewey Decimal Classification Préstamo en sala   Dominicana de Servicio Biblioteca Nacional Pedro Henríquez Ureña Biblioteca Nacional Pedro Henríquez Ureña En catalogación 20.03.2025 Depósito Legal   xxx V468a 2025-3328 11.04.2025 11.04.2025 Libro e.3

Con tecnología Koha